• 首页
  • 本馆介绍
  • 公告通知
  • 最新文献
  • 馆藏检索
  • 电子资源
  • 读者导购
  • 参考咨询
  • 我的图书馆
  • 登录
  • 详细信息显示
  • 放入我的书架
  • 预约/预借图书
  • 作者相关作品
  • 分类相关作品
  • 丛书相关作品
  • 出版社相关作品

书目信息

  • 表格格式
  • 工作单格式
  • 卡片格式
题名:
李贽研究参考资料
    
 
作者: ;厦门大学历史系 编
分册: 第三辑   李贽与《水浒传》资料专辑
出版信息: 福州   福建人民出版社  1976
页数: 197页
开本: 19cm
丛书名:
单 册:
中图分类: B248.915
科图分类:
主题词: 李贽--研究
电子资源:
ISBN:
000 00644nam0 2200217 45
001 0176000311
005 20060913171648.43
010    @dCNY0.37
100    @a19950630d1976 emky0chiy0121 ea
101 0  @achi
102    @aCN@b350000
105    @ay z 000yy
200 10 @a李贽研究参考资料@Ali zhi yan jiu can kao zi liao@h第三辑@i李贽与《水浒传》资料专辑@f厦门大学历史系编
210    @a福州@c福建人民出版社@d1976
215    @a197页@d19cm
606    @a李贽@x研究
690    @aB248.915@v3
711 02 @a厦门大学历史系@Axia men da xue li shi xi@4编
801  0 @aCN@bTSSF@c20060913
801  2 @aCN@bNLC@c20060818
905    @a10447@dB248.915@e19:3
    
    李贽研究参考资料.第三辑.李贽与《水浒传》资料专辑/厦门大学历史系编.-福州:福建人民出版社,1976
    197页;19cm
    
    
    ISBN :CNY0.37
    
●
相关链接 在E读中查询图书 在五车中查询图书 在当当中查询图书 在豆瓣中查询图书


正题名:李贽研究参考资料     索取号:B248.915/19:3         预约/预借

序号 登录号 条形码 馆藏地/架位号 状态 备注
1 0447070   204470704   密集书库/ [索取号:B248.915/19:3] 在馆    
2 0447199   204471990   密集书库/ [索取号:B248.915/19:3] 在馆    
3 0469313   204693135   密集书库/ [索取号:B248.915/19:3] 在馆    
4 0469314   204693144   密集书库/ [索取号:B248.915/19:3] 在馆    
5 0472357   204723576   密集书库/ [索取号:B248.915/19:3] 在馆    
唐山师范学院图书馆 欢迎您!
大连网信软件有限公司© 版权所有